Rhapsody and Prism: (Record no. 212432)

MARC details
000 -LEADER
fixed length control field 00667nam a22002177a 4500
005 - DATE AND TIME OF LATEST TRANSACTION
control field 20250718150615.0
010 ## - LCCN (DPL NO)
LC control number ENG-146041
020 ## - INTERNATIONAL STANDARD BOOK NUMBER
Terms of availability 298.00
International Standard Book Number 9788198111180
035 ## - SYSTEM CONTROL NUMBER
System control number EN-129573
037 ## - SOURCE OF ACQUISITION
Source of stock number/acquisition DBAD
082 ## - DEWEY DECIMAL CLASSIFICATION NUMBER
Classification number S
100 ## - MAIN ENTRY--PERSONAL NAME
Personal name Pinto, Xavier
245 ## - TITLE STATEMENT
Title Rhapsody and Prism:
Remainder of title A Collection ofICSE Short Stories & Poems/
Statement of responsibility, etc Xavier Pinto [and] P.S. latika
260 ## - PUBLICATION, DISTRIBUTION, ETC. (IMPRINT)
Place of publication, distribution, etc New Delhi
Name of publisher, distributor, etc Beeta Publications
Date of publication, distribution, etc 2025
270 ## - ADDRESS
Address 4626/18, Ansari Road, Darya Ganj
City New Delhi
Postal code 110002
Telephone number 23244660
Fax number 23246113
300 ## - PHYSICAL DESCRIPTION
Extent 168p.
Dimensions 25cm(pb)
490 ## - SERIES STATEMENT
Volume number/sequential designation Part 2
500 ## - GENERAL NOTE
General note For Class 12
700 ## - ADDED ENTRY--PERSONAL NAME
Personal name P.S. latika
Relator term Author
9 (RLIN) 83081
942 ## - ADDED ENTRY ELEMENTS (KOHA)
Source of classification or shelving scheme Dewey Decimal Classification
Item type English Books
Classification part S
Call number suffix PIN
Holdings
Withdrawn status Lost status Not for loan Collection code Home library Current library Date acquired Source of acquisition Cost, normal purchase price Full call number Barcode Copy number Cost, replacement price Koha item type
      Fiction Sarojini Nagar Sarojini Nagar 18/07/2025 Delivery of Books Act Division 298.00 S PIN EN-129573 1 298.00 English Books

© Delhi Public Library
Hit Counter
free hit counter